| 000 | 01202nab a2200217 i 4500 | ||
|---|---|---|---|
| 001 | 768714001 | ||
| 003 | CO-MdFUSB | ||
| 005 | 20240609113838.0 | ||
| 008 | 240604t1976 ag ||||| |||| 00| 0 spa d | ||
| 040 |
_bspa _cCO-MdFUSB _dCO-MdFUSB |
||
| 041 | _aspa | ||
| 100 |
_aZandrino, Miguel A., _eautor |
||
| 245 | 1 |
_aRevelación y ciencia : _bel valor contemporáneo de la información bíblica _c/ Miguel A. Zandrino |
|
| 520 | _a"El valor del conocimiento bíblico nunca desaparece". Así como sirvió a su primer destinatario, ha servido al hombre a lo largo de la historia. La interpretación que hace la Biblia es una de las principales razones de la confusión y el conflicto entre la ciencia y la Biblia. Primero, se analiza los relatos de la creación y los resultados de las investigaciones de la historia del universo y la historia de la vida en la Tierra. | ||
| 650 | 7 |
_aCristianismo _922 |
|
| 650 | 7 |
_aBiblia y ciencia _97327 |
|
| 650 | 7 |
_aInvestigación _96999 |
|
| 773 | 0 |
_069974 _982718 _dBuenos Aires _oR2610 _tCerteza _w(CO-MdFUSB)768714001 _gNúmero 63, (julio - septiembre, 1976) páginas: 214 - 218 _qpágina: 214 |
|
| 942 | _cANA | ||
| 945 | _aCatherine Arias Álvarez - Practicante SENA | ||
| 999 |
_c70043 _d70043 |
||